Curso de historia del derecho / (Registro nro. 8425)
[ vista simple ]
| 000 -LEADER | |
|---|---|
| fixed length control field | 01858nam a2200229Ia 4500 |
| 003 - CONTROL NUMBER IDENTIFIER | |
| control field | OSt |
| 005 - DATE AND TIME OF LATEST TRANSACTION | |
| control field | 20210825153056.0 |
| 008 - FIXED-LENGTH DATA ELEMENTS--GENERAL INFORMATION | |
| fixed length control field | 210310s1978 uy gr 000 0 spa d |
| 040 ## - CATALOGING SOURCE | |
| Original cataloging agency | CO-JMCR |
| Transcribing agency | CO-JMCR |
| 041 0# - LANGUAGE CODE | |
| Language code of text/sound track or separate title | spa |
| 082 04 - DEWEY DECIMAL CLASSIFICATION NUMBER | |
| Classification number | 340.09 / |
| Item number | A553c |
| Edition number | 23 |
| 100 1# - MAIN ENTRY--PERSONAL NAME | |
| Personal name | Andrade De Ochoa, Ruth, |
| 9 (RLIN) | 17232 |
| Relator term | autora |
| 245 10 - TITLE STATEMENT | |
| Title | Curso de historia del derecho / |
| Statement of responsibility, etc. | Ruth Andrade De Ochoa |
| 260 ## - PUBLICATION, DISTRIBUTION, ETC. | |
| Place of publication, distribution, etc. | Montevideo : |
| Name of publisher, distributor, etc. | Acali Editorial, |
| Date of publication, distribution, etc. | 1978 |
| 300 ## - PHYSICAL DESCRIPTION | |
| Extent | 2 volúmenes ; |
| Dimensions | 24 cm. |
| 500 ## - GENERAL NOTE | |
| General note | Incluye notas a pie de página. |
| 505 0# - FORMATTED CONTENTS NOTE | |
| Miscellaneous information | V.1. |
| Title | Romanización jurídica de España -- Principales instituciones del derecho romano -- La crisis del siglo III -- La España visigoda -- El derecho canónico -- España musulmana -- La reconquista -- España en la edad moderna. |
| Miscellaneous information | V.2. / T.1. |
| Title | Idea general sobre la organización política y administrativa de las indias -- Las fuentes del derecho indiano -- Derecho uruguayo -- La organización política de Montevideo colonial -- Personas -- Derecho de familia |
| Miscellaneous information | v.2. / T.2. |
| Title | Derecho de propiedad -- Derechos sucesorios -- Derecho de las obligaciones -- Derecho comercial -- La justicia en el Montevideo colonial -- Administración de justicia en el periodo intermedio -- El derecho del Estado uruguayo -- La universidad de la república -- El sistema de fuentes en el siglo XIX |
| 520 3# - SUMMARY, ETC. | |
| Summary, etc. | La profesora Ruth Andrade de Ochoa analiza en este primer tomo de historia del Derecho los antecedentes del derecho patrio los cuales deben buscarse en el derecho Romano aplicado en España y sus principales instituciones, el derecho canónico, musulmán y foral de la reconquista. En los tomos subsiguientes se estudiará el derecho indiano, las autoridades y la legislación americanas y la historia del Derecho Uruguayo. |
| 650 14 - SUBJECT ADDED ENTRY--TOPICAL TERM | |
| Topical term or geographic name entry element | Historia del Derecho |
| 9 (RLIN) | 17234 |
| 650 24 - SUBJECT ADDED ENTRY--TOPICAL TERM | |
| Topical term or geographic name entry element | Derecho Romano |
| 9 (RLIN) | 39696 |
| 942 ## - ADDED ENTRY ELEMENTS (KOHA) | |
| Source of classification or shelving scheme | Dewey Decimal Classification |
| Koha item type | Books |
| Withdrawn status | Lost status | Source of classification or shelving scheme | Damaged status | Not for loan | Collection code | Home library | Current library | Date acquired | Source of acquisition | Full call number | Barcode | Date last seen | Copy number | Koha item type | Total Checkouts | Price effective from |
|---|---|---|---|---|---|---|---|---|---|---|---|---|---|---|---|---|
| Dewey Decimal Classification | Non-fiction | Biblioteca Pública José María del Castillo y Rada | Biblioteca Pública José María del Castillo y Rada | 04/15/2018 | Donación | 340.09 / A553c | 430006397 | 05/16/2024 | V.1 / Ej.1 | Books | ||||||
| Dewey Decimal Classification | Non-fiction | Biblioteca Pública José María del Castillo y Rada | Biblioteca Pública José María del Castillo y Rada | 04/15/2018 | Donación | 340.09 / A553c | 430006398 | 05/16/2024 | V.2 / T.2 / Ej.1 | Books | ||||||
| Dewey Decimal Classification | Non-fiction | Biblioteca Pública José María del Castillo y Rada | Biblioteca Pública José María del Castillo y Rada | 04/15/2018 | Donación | 340.09 / A553c | 430006399 | 05/16/2024 | V.2 / T.1 / Ej.1 | Books | 08/25/2021 |